| 000 | 00979nam a2200217Ia 4500 | ||
|---|---|---|---|
| 999 |
_c39219 _d39219 |
||
| 001 | 5805 | ||
| 003 | GE_BSU | ||
| 005 | 20190621155113.0 | ||
| 008 | 181216s1988|||| |||||||||||||| ||geo|| | ||
| 041 | _ageo | ||
| 080 | _a621.9(076) ს-92 | ||
| 100 |
_aსულავა, ჯ. _92255 |
||
| 245 |
_aჰიდროამძრავი და ჰიდროპნევმატიკური ავტომატიკა : დამხმ.სახელმძღვ. / _cჯ. სულავა ; რედ : მ. ძიძიგური. |
||
| 264 |
_aთბილოისი : _bსპი, _c1988. |
||
| 300 |
_a82 გვ .: _bილ ; _c19 სმ. |
||
| 500 | _a16 ლიტ. დას. | ||
| 653 | _aჰიდროამძრავი და ჰიდროპნევმატიკური ავტომატიკა | ||
| 653 | _aტექნიკა | ||
| 700 |
_aძიძიგური, მ _eრედაქტორი _9472 |
||
| 942 |
_cBK _2udc |
||